000 00284nam a22001337a 4500
008 171030b xxu||||| |||| 00| 0 eng d
020 _a9780077410698
041 _aeng
080 _a336
100 _a57
101 _aFIN
245 _aCORPORATE FINANCE
_cBREALEY
942 _2udc
_cBK
999 _c36440
_d36440